| 000 | 00616nam a22001937a 4500 | ||
|---|---|---|---|
| 999 |
_c167892 _d167892 |
||
| 005 | 20190923121055.0 | ||
| 010 | _aENG-126508 | ||
| 020 |
_c440.00 _a9789386519276 |
||
| 035 | _aEN-110040 | ||
| 037 | _bDBAD/PUB | ||
| 082 |
_a570 _22018 |
||
| 100 | _aArumugam, N | ||
| 245 |
_aBiology / _cBy N. Arumugam [and] V. Kumaresan |
||
| 260 |
_aKanyakumari _bSaras Publication _c2018 |
||
| 270 |
_bNagercoil _a114/35G.A.R.P Camp Road,Perivilai, Kottar _e629002 _k04562265026 _l04652265099 _minfo@saraspublication.com |
||
| 300 |
_a752p _c22cm(pbk) |
||
| 700 | _aKumaresan, V | ||
| 942 |
_2ddc _cEN _h570 _mARU |
||